| 000 | 01708nam a2200241Ia 4500 | ||
|---|---|---|---|
| 003 | Ost | ||
| 005 | 20260507074845.0 | ||
| 008 | 260507s9999||||xx |||||||||||||| ||und|| | ||
| 020 | _a978993160623 | ||
| 040 | _cfsecg | ||
| 041 | _aara | ||
| 082 | _a322.43 | ||
| 100 |
_aبقاص، خالد خليفة _eمؤلف |
||
| 245 | 0 |
_aالصراع الدولي على النفط في القارة الإفريقية / _c خالد خليفة بقاص |
|
| 260 |
_aتلمسان: _bالمكتب الجامعي الحديث, _c[دون تاريخ] |
||
| 300 |
_a273 صفحة؛ _bإيضاحات ؛ _c24 سم |
||
| 504 | _aببليوغرافيا: ص.217-227 الملاحق ص.209 | ||
| 520 | _aيسعى هذا الكتاب إلى تفكيك مشكلة أساسية تتعلق بإمكانيات القارة الافريقية النفطية والصراع الدولي عليها خاصة بعد نهاية مرحلة الحرب الباردة، كما يبحث أيضا في استراتيجيات الدول الكبرى للسيطرة على مراكز الانتاج الرئيسية للنفط الأفريقي. ويناقش هذا الكتاب انعكاس تطوير الصناعة النفطية الافريقية على الصراع داخل دول الانتاج وعلى محيطها الاقليمي وكذا الدولي، وهل استغلت النظم السياسية الإفريقية الصراع الدولي على مواردها لتنمية دولها وتحقيق استقرارها السياسي الداخلي أم على العكس من ذلك. | ||
| 653 | _aالبترول | ||
| 653 | _aالبترول-إفريقيا | ||
| 653 | _aالصراع السياسي | ||
| 942 | _cكتاب | ||
| 999 |
_c41534 _d41534 |
||